<?xml version="1.0" encoding="UTF-8"?>
<record
    xmlns:xsi="http://www.w3.org/2001/XMLSchema-instance"
    xsi:schemaLocation="http://www.loc.gov/MARC21/slim http://www.loc.gov/standards/marcxml/schema/MARC21slim.xsd"
    xmlns="http://www.loc.gov/MARC21/slim">

  <leader>01822agaaa2200325   4500</leader>
  <controlfield tag="001">5892</controlfield>
  <controlfield tag="003">IT-RoPAU</controlfield>
  <controlfield tag="005">20220918181232.0</controlfield>
  <controlfield tag="007">d cvaizq</controlfield>
  <controlfield tag="008">50131s9999||||xx ||| |     ||   ||und||</controlfield>
  <datafield tag="040" ind1=" " ind2=" ">
    <subfield code="a">IT-RoPAU</subfield>
    <subfield code="c">IT-RoPAU</subfield>
  </datafield>
  <datafield tag="041" ind1=" " ind2=" ">
    <subfield code="a">ITALIANO</subfield>
  </datafield>
  <datafield tag="100" ind1=" " ind2=" ">
    <subfield code="a">Archibugi Francesca</subfield>
    <subfield code="g">Codice regista SPICS: 33435</subfield>
    <subfield code="9">41158</subfield>
  </datafield>
  <datafield tag="130" ind1=" " ind2=" ">
    <subfield code="a">MIGNON E' PARTITA</subfield>
    <subfield code="9">41159</subfield>
  </datafield>
  <datafield tag="245" ind1=" " ind2=" ">
    <subfield code="a">MIGNON E' PARTITA</subfield>
    <subfield code="c">Sceneggiatura: Archibugi Francesca Malatesta Gloria Sbarigia Claudia -- Diretto da: Archibugi Francesca</subfield>
    <subfield code="p">MIGNON E' PARTITA (Rif. Codice opera principale : 95892)</subfield>
  </datafield>
  <datafield tag="250" ind1=" " ind2=" ">
    <subfield code="a">Edizione Standard</subfield>
  </datafield>
  <datafield tag="260" ind1=" " ind2=" ">
    <subfield code="a">ROMA - PARIGI (ITALIA)</subfield>
    <subfield code="b">ELLEPI FILM - RAI TRE - CHRYSALIDE / Distribuzione: RAI</subfield>
    <subfield code="g">"1988 (1&#xB0; ed.: 1991 ; Ed. Lingua Orig.: 1988)"</subfield>
  </datafield>
  <datafield tag="300" ind1=" " ind2=" ">
    <subfield code="a">VHS</subfield>
    <subfield code="b">sonoro, col.</subfield>
    <subfield code="c">96 minuti</subfield>
  </datafield>
  <datafield tag="508" ind1=" " ind2=" ">
    <subfield code="a">"Fotografia: Verga Luigi; Montaggio: Muschietti Alfredo; Musica: Gatto Roberto; Sceneggiatura: Archibugi Francesca Malatesta Gloria Sbarigia Claudia; Soggetto: Archibugi Francesca -- Sbarigia Claudia"</subfield>
  </datafield>
  <datafield tag="511" ind1=" " ind2=" ">
    <subfield code="a">"Beauvallet Celine; Ruta Leonardo; Sandrelli Stefania; Antonelli Francesca; Zaccaria "</subfield>
  </datafield>
  <datafield tag="520" ind1=" " ind2=" ">
    <subfield code="a">MIGNON QUINDICENNE PARIGINA GIUNGE A ROMA E S'INSTALLA DAI CUGINI FORBICIONI ZIA LAURA HA CINQUE FIGLI UNO DI QUESTI GIORGIO TREDICENNE S'INNAMORA DELLA CUGINETTA MA UN GIORNO LA SCOPRE TRA LE BRACCIA DI CACIO...</subfield>
  </datafield>
  <datafield tag="538" ind1=" " ind2=" ">
    <subfield code="a">PAL, STEREO</subfield>
  </datafield>
  <datafield tag="546" ind1=" " ind2=" ">
    <subfield code="a">ITALIANO</subfield>
  </datafield>
  <datafield tag="650" ind1=" " ind2=" ">
    <subfield code="a">COMMEDIA</subfield>
    <subfield code="e">FILMS [VHS]</subfield>
    <subfield code="x">Codice MATERIA SPICS: 9960</subfield>
    <subfield code="9">41160</subfield>
  </datafield>
  <datafield tag="700" ind1=" " ind2=" ">
    <subfield code="a">Archibugi Francesca </subfield>
    <subfield code="e">(regista)</subfield>
    <subfield code="g">Codice regista SPICS: 33435</subfield>
    <subfield code="9">41161</subfield>
  </datafield>
  <datafield tag="700" ind1=" " ind2=" ">
    <subfield code="a">Archibugi Francesca </subfield>
    <subfield code="e">(soggetto)</subfield>
    <subfield code="g">Codice Soggetto SPICS: 33435</subfield>
    <subfield code="9">41162</subfield>
  </datafield>
  <datafield tag="700" ind1=" " ind2=" ">
    <subfield code="a">Gatto Roberto</subfield>
    <subfield code="e">(musica)</subfield>
    <subfield code="g">Codice Musica SPICS: 33437</subfield>
    <subfield code="9">41163</subfield>
  </datafield>
  <datafield tag="700" ind1=" " ind2=" ">
    <subfield code="a">Sbarigia Claudia </subfield>
    <subfield code="e">(soggetto)</subfield>
    <subfield code="g">Codice Soggetto 2&#xB0; SPICS: 33436</subfield>
    <subfield code="9">41164</subfield>
  </datafield>
  <datafield tag="942" ind1=" " ind2=" ">
    <subfield code="c">VH</subfield>
    <subfield code="2">ddc</subfield>
  </datafield>
  <datafield tag="999" ind1=" " ind2=" ">
    <subfield code="c">105395</subfield>
    <subfield code="d">105395</subfield>
  </datafield>
  <datafield tag="952" ind1=" " ind2=" ">
    <subfield code="0">0</subfield>
    <subfield code="1">0</subfield>
    <subfield code="4">0</subfield>
    <subfield code="6">95892_000000000000000</subfield>
    <subfield code="7">1</subfield>
    <subfield code="a">SPICS</subfield>
    <subfield code="b">SPICS</subfield>
    <subfield code="d">2015-01-31</subfield>
    <subfield code="l">0</subfield>
    <subfield code="o">95892</subfield>
    <subfield code="r">2015-01-31 00:00:00</subfield>
    <subfield code="w">2015-01-31</subfield>
    <subfield code="y">VH</subfield>
    <subfield code="z">Progr. Ins.: 2910 / N.Vol.:1 / Copie: 1 / Pag.:0 / Copia rara: n.d. / date import: 1.2.2015 / By Epidotti, Trombetti, Vaglietti</subfield>
  </datafield>
</record>
